| 000 | 00580nam a2200181 a 4500 | ||
|---|---|---|---|
| 003 | SISC | ||
| 005 | 20160610125750.0 | ||
| 008 | 070914s19uu xx 00 eng d | ||
| 020 | _a9780470034743 | ||
| 050 |
_aGV 950.7 _b.C652 2007 |
||
| 110 | _aNational Alliance For Youth Sports | ||
| 245 |
_aCoaching junior football teams for dummies / _cNational Alliance For Youth Sports. |
||
| 260 |
_aEngland : _bJohn Wiley & Sons Inc, _c2007. |
||
| 300 |
_a367 pages : _billustrations ; _c24 cm. |
||
| 650 |
_aYouth league football _xCoaching. |
||
| 942 |
_cBK _2lcc _kFOR |
||
| 999 |
_c22538 _d22538 |
||